000 00736nam a22002417a 4500
008 130903b xxu||||| |||| 00| 0 eng d
020 _a0-19-280081-7
024 _cAvailable
037 _cAvailable
040 _aMBSTU LIBRARY
_dMBSTU LIBRARY
082 _222
_a301.03 MAO
100 _aMarshall, Gordon.
245 _aOxford dictionary of sociology.
260 _aNew York
_bOxford University Press
_c1998
300 _a20 cm.
_b712 page
_f1
_g20 cm.
600 _2Dictionary of sociology.
650 _2Dictionary of sociology.
700 _aMarshall, Gordon.
270 _aNew York
_bNew York
_dUSA
365 _b1079.00
_d1079.00
942 _2ddc
_cBK
999 _c649
_d649